{"text_format":"1","workbook":"xlsx","n_sheets":4,"sheets":["order","1-1","2-2","3-3"],"not_rendered":{"charts":0,"images":0,"macros":0,"external_links":0,"defined_names":0,"comments":0,"pivot_tables":0},"unopened":[],"bounds":{"document_bytes":16777216,"sheet_cells":100000,"rows_first":2000,"rows_last":500,"rows_between":2000,"halvings":0,"cell_chars":16384,"cell_head_chars":4096},"cells_cut":0,"cells_raw":0,"read":"whole","date_system":"1900"}

{"sheet":"order","index":0,"n_rows":11,"n_cols":6,"rows_kept":11,"cut":false,"hidden":false,"merged":[]}
["МС-00.00.002 - Поперечина","Прокат 250-2,0-Б-НО-Ц275-М-ПС-ГОСТ 14918-2020",12,null,{"$f":"C1*D1","v":0},"1-1?2-2?3-3"]
["МС-00.00.003 - Пластина","Прокат 250-2,0-Б-НО-Ц275-М-ПС-ГОСТ 14918-2020",168,null,{"$f":"C2*D2","v":0}]
["МС-00.00.004 - Пластина","Прокат 250-2,0-Б-НО-Ц275-М-ПС-ГОСТ 14918-2020",168,null,0]
["МС-00.00.005 - Уголок","Прокат 250-2,0-Б-НО-Ц275-М-ПС-ГОСТ 14918-2020",216,null,0]
["МС-00.00.005-01 - Уголок","Прокат 250-2,0-Б-НО-Ц275-М-ПС-ГОСТ 14918-2020",216,null,0]
["МС-00.00.006 - Стойка","Прокат 250-2,0-Б-НО-Ц275-М-ПС-ГОСТ 14918-2020",104,null,0]
["МС-00.00.009 - Раскос","Прокат 250-2,0-Б-НО-Ц275-М-ПС-ГОСТ 14918-2020",152,null,0]
["МС-00.00.012 - Стойка","Прокат 250-2,0-Б-НО-Ц275-М-ПС-ГОСТ 14918-2020",208,null,0]
["МС-00.00.013 - Поручень","Прокат 250-1,5-Б-НО-Ц275-М-ПС-ГОСТ 14918-2020",80,null,0]
["МС-00.00.014 - Связка","Прокат 250-1,5-Б-НО-Ц275-М-ПС-ГОСТ 14918-2020",168,null,0]
["МС-00.00.015 - Бортик","Прокат 250-1,5-Б-НО-Ц275-М-ПС-ГОСТ 14918-2020",168,null,0]

{"sheet":"1-1","index":1,"n_rows":10,"n_cols":9,"rows_kept":10,"cut":false,"hidden":false,"merged":[[0,8,1,8],[0,0,1,0],[0,3,1,3],[0,4,1,4],[0,5,1,5],[0,6,1,6],[4,8,5,8],[2,0,3,0],[2,3,3,3],[2,4,3,4],[2,5,3,5],[2,6,3,6],[2,8,3,8],[4,0,5,0],[4,3,5,3],[4,4,5,4],[4,5,5,5],[4,6,5,6],[8,8,9,8],[6,0,7,0],[6,3,7,3],[6,4,7,4],[6,5,7,5],[6,6,7,6],[6,8,7,8],[8,0,9,0],[8,3,9,3],[8,4,9,4],[8,5,9,5],[8,6,9,6]]}
[3,"МС-00.00.003 - Пластина",null,"-","шт.",8,8,{"$f":"SUM(H2)*F1","v":8.8000000000000007},{"$f":"G1*H2","v":8.8000000000000007}]
[null,null,"Прокат 250-2,0-Б-НО-Ц275-М-ПС-ГОСТ 14918-2020",null,null,null,null,1.1000000000000001]
[4,"МС-00.00.004 - Пластина",null,"-","шт.",8,8,{"$f":"SUM(H4)*F3","v":7.28},{"$f":"G3*H4","v":7.28}]
[null,null,"Прокат 250-2,0-Б-НО-Ц275-М-ПС-ГОСТ 14918-2020",null,null,null,null,0.91]
[5,"МС-00.00.005 - Уголок",null,"-","шт.",12,12,{"$f":"SUM(H6)*F5","v":1.92},{"$f":"G5*H6","v":1.92}]
[null,null,"Прокат 250-2,0-Б-НО-Ц275-М-ПС-ГОСТ 14918-2020",null,null,null,null,0.16]
[6,"МС-00.00.005-01 - Уголок",null,"-","шт.",12,12,{"$f":"SUM(H8)*F7","v":1.92},{"$f":"G7*H8","v":1.92}]
[null,null,"Прокат 250-2,0-Б-НО-Ц275-М-ПС-ГОСТ 14918-2020",null,null,null,null,0.16]
[7,"МС-00.00.006 - Стойка",null,"-","шт.",4,4,{"$f":"SUM(H10)*F9","v":7.72},{"$f":"G9*H10","v":7.72}]
[null,null,"Прокат 250-2,0-Б-НО-Ц275-М-ПС-ГОСТ 14918-2020",null,null,null,null,1.93]

{"sheet":"2-2","index":2,"n_rows":6,"n_cols":9,"rows_kept":6,"cut":false,"hidden":false,"merged":[[0,8,1,8],[0,0,1,0],[0,3,1,3],[0,4,1,4],[0,5,1,5],[0,6,1,6],[4,8,5,8],[2,0,3,0],[2,3,3,3],[2,4,3,4],[2,5,3,5],[2,6,3,6],[2,8,3,8],[4,0,5,0],[4,3,5,3],[4,4,5,4],[4,5,5,5],[4,6,5,6]]}
[8,"МС-00.00.009 - Раскос",null,"-","шт.",8,8,{"$f":"SUM(H2)*F1","v":28.4},{"$f":"G1*H2","v":28.4}]
[null,null,"Прокат 250-2,0-Б-НО-Ц275-М-ПС-ГОСТ 14918-2020",null,null,null,null,3.55]
[9,"МС-00.00.012 - Стойка",null,"-","шт.",12,12,{"$f":"SUM(H4)*F3","v":54.480000000000004},{"$f":"G3*H4","v":54.480000000000004}]
[null,null,"Прокат 250-2,0-Б-НО-Ц275-М-ПС-ГОСТ 14918-2020",null,null,null,null,4.54]
[10,"МС-00.00.003 - Пластина",null,"-","шт.",8,8,{"$f":"SUM(H6)*F5","v":8.8000000000000007},{"$f":"G5*H6","v":8.8000000000000007}]
[null,null,"Прокат 250-2,0-Б-НО-Ц275-М-ПС-ГОСТ 14918-2020",null,null,null,null,1.1000000000000001]

{"sheet":"3-3","index":3,"n_rows":10,"n_cols":9,"rows_kept":10,"cut":false,"hidden":false,"merged":[[0,8,1,8],[0,0,1,0],[0,3,1,3],[0,4,1,4],[0,5,1,5],[0,6,1,6],[4,8,5,8],[2,0,3,0],[2,3,3,3],[2,4,3,4],[2,5,3,5],[2,6,3,6],[2,8,3,8],[4,0,5,0],[4,3,5,3],[4,4,5,4],[4,5,5,5],[4,6,5,6],[8,8,9,8],[6,0,7,0],[6,3,7,3],[6,4,7,4],[6,5,7,5],[6,6,7,6],[6,8,7,8],[8,0,9,0],[8,3,9,3],[8,4,9,4],[8,5,9,5],[8,6,9,6]]}
[10,"МС-00.00.013 - Поручень",null,"-","шт.",4,4,{"$f":"SUM(H2)*F1","v":15.28},{"$f":"G1*H2","v":15.28}]
[null,null,"Прокат 250-1,5-Б-НО-Ц275-М-ПС-ГОСТ 14918-2020",null,null,null,null,3.82]
[11,"МС-00.00.014 - Связка",null,"-","шт.",8,8,{"$f":"SUM(H4)*F3","v":5.68},{"$f":"G3*H4","v":5.68}]
[null,null,"Прокат 250-1,5-Б-НО-Ц275-М-ПС-ГОСТ 14918-2020",null,null,null,null,0.71]
[12,"МС-00.00.015 - Бортик",null,"-","шт.",8,8,{"$f":"SUM(H6)*F5","v":13.12},{"$f":"G5*H6","v":13.12}]
[null,null,"Прокат 250-1,5-Б-НО-Ц275-М-ПС-ГОСТ 14918-2020",null,null,null,null,1.64]
[13,"МС-00.00.005-01 - Уголок",null,"-","шт.",12,12,{"$f":"SUM(H8)*F7","v":1.92},{"$f":"G7*H8","v":1.92}]
[null,null,"Прокат 250-2,0-Б-НО-Ц275-М-ПС-ГОСТ 14918-2020",null,null,null,null,0.16]
[14,"МС-00.00.006 - Стойка",null,"-","шт.",4,4,{"$f":"SUM(H10)*F9","v":7.72},{"$f":"G9*H10","v":7.72}]
[null,null,"Прокат 250-2,0-Б-НО-Ц275-М-ПС-ГОСТ 14918-2020",null,null,null,null,1.93]